Evaluacion preliminar de la operacion hidraulica y alternativas de solucion para las lagunas de estabilizacion de San Isidro de El General, San Jose

محفوظ في:
التفاصيل البيبلوغرافية
المؤلف الرئيسي: Carvajal Rojas, Orietta
التنسيق: أطروحة كتاب
اللغة:Undetermined
منشور في: 1985
الموضوعات:
الوسوم: إضافة وسم
لا توجد وسوم, كن أول من يضع وسما على هذه التسجيلة!

MARC

LEADER 00000nam a2200000Ia 4500
001 2681
008 140114s9999 xx 000 0 und d
100 |a Carvajal Rojas, Orietta 
245 |a Evaluacion preliminar de la operacion hidraulica y alternativas de solucion para las lagunas de estabilizacion de San Isidro de El General, San Jose 
260 |c 1985 
500 |a NULL 
502 |a Escuela de ingenieria Civil 
650 |z LAGUNAS DE ESTABILIZACION 
999 |c 11621  |d 11621